• 首页
  • 本馆介绍
  • 公告通知
  • 最新文献
  • 馆藏检索
  • 电子资源
  • 读者导购
  • 参考咨询
  • 我的图书馆
  • 登录
  • 详细信息显示
  • 放入我的书架
  • 预约/预借图书
  • 作者相关作品
  • 分类相关作品
  • 丛书相关作品
  • 出版社相关作品

书目信息

  • 表格格式
  • 工作单格式
  • 卡片格式
题名:
让性格成就你
    
 
作者: 孙郡锴 编著
分册:  
出版信息: 北京   中国华侨出版社  2013
页数: 225页
开本: 23cm
丛书名:
单 册:
中图分类: B848.6
科图分类:
主题词: 性格--通俗读物
电子资源:
ISBN: 978-7-80222-786-6
000 00755nam0 2200241 450
001 338549
005 20150602093813.29
010    @a978-7-80222-786-6@dCNY29.80
100    @a20090212d2009 em y0chiy50 ea
101 0  @achi
102    @aCN@b110000
105    @ay z 000yy
106    @ar
200 1  @a让性格成就你@Arang xing ge cheng jiu ni@f孙郡锴编著
205    @a第2版
210    @a北京@c中国华侨出版社@d2013
215    @a225页@d23cm
330    @a性格是每个人都拥有, 很难克服或改变的东西。本书娓娓向你讲述关于性格的种种, 教你如何欣赏自己性格中的优点, 改变弱点, 从而成就幸福的人生。
606 0  @a性格@j通俗读物
690    @aB848.6@v5
701  0 @a孙郡锴@Asun jun kai@4编著
801  0 @aCN@b卓展宏图@c20150525
905    @dB848.6@e1258=2@f4
    
    让性格成就你/孙郡锴编著.-第2版.-北京:中国华侨出版社,2013
    225页;23cm
    
    
    ISBN 978-7-80222-786-6:CNY29.80
    性格是每个人都拥有, 很难克服或改变的东西。本书娓娓向你讲述关于性格的种种, 教你如何欣赏自己性格中的优点, 改变弱点, 从而成就幸福的人生。
●
相关链接 在E读中查询图书 在五车中查询图书 在当当中查询图书 在豆瓣中查询图书


正题名:让性格成就你     索取号:B848.6/1258=2         预约/预借

序号 登录号 条形码 馆藏地/架位号 状态 备注
1 862626   208626263   第一样本阅览室/ [索取号:B848.6/1258=2] 在馆    
2 862627   208626272   第一借阅区/ [索取号:B848.6/1258=2] 在馆    
3 862628   208626281   第一借阅区/ [索取号:B848.6/1258=2] 在馆    
4 862629   208626290   第一借阅区/ [索取号:B848.6/1258=2] 在馆    
唐山师范学院图书馆 欢迎您!
大连网信软件有限公司© 版权所有